000 00426pab a2200169 454500
008 180718b2011 xxu||||| |||| 00| 0 eng d
100 _aPicard, Pierre M.
245 _aOutsourcing, labor market pooling, and labor contracts
260 _c2011
300 _ap.47-60.
362 _aJul
650 _aLabour market
700 _aWildasin, David E.
773 _aJournal of Urban Economics
908 _aN
909 _a93433
999 _c93433
_d93433